• 首页
  • 本馆介绍
  • 公告通知
  • 最新文献
  • 馆藏检索
  • 电子资源
  • 读者导购
  • 参考咨询
  • 我的图书馆
  • 登录
  • 详细信息显示
  • 放入我的书架
  • 预约/预借图书
  • 作者相关作品
  • 分类相关作品
  • 丛书相关作品
  • 出版社相关作品

书目信息

  • 表格格式
  • 工作单格式
  • 卡片格式
题名:
东方文学作品选
    
 
作者: 俞灏东 , 何乃英 选编
分册: 下册  
出版信息: 北京   北京出版社  1987.6
页数: 603-1001页
开本: 21cm
丛书名:
单 册:
中图分类: I11
科图分类:
主题词: 文学--作品集--世界
电子资源:
ISBN: 7-200-00163-5
000 00640nam0 2200217 45
001 0312221749
005 20050328172316.0
010    @a7-200-00163-5@dCNY5.65
100    @a20031222d1987 km y0chiy0120 ea
101    @achi
105    @a z 000yy
200 1  @a东方文学作品选@ADong Fang Wen Xue Zuo Pin Xuan@h下册@f俞灏东,何乃英选编@FYu Hao Dong,He Nai Ying Xuan Bian
210    @a北京@c北京出版社@d1987.6
215    @a603-1001页@d21cm
300    @a高等学校文科教材
606 0  @a文学@x作品集@x世界
690    @aI11@v3
701 0  @a俞灏东@4选编
701 0  @a何乃英@4选编
801    @aCN@bTSTCL@c20031222
905    @dI11@e150:2@f1@b200804
    
    东方文学作品选.下册/俞灏东,何乃英选编.-北京:北京出版社,1987.6
    603-1001页;21cm
    高等学校文科教材
    
    ISBN 7-200-00163-5:CNY5.65
    
●
相关链接 在E读中查询图书 在五车中查询图书 在当当中查询图书 在豆瓣中查询图书


正题名:东方文学作品选     索取号:I11/150:2         预约/预借

序号 登录号 条形码 馆藏地/架位号 状态 备注
1 0200804   002008981   第二借阅区/ [索取号:I11/150:2] 在馆    
2 0200805   000087836   第二借阅区/ [索取号:I11/150:2] 在馆    
3 0200806   000087827   密集书库/ [索取号:I11/150:2] 在馆    
4 0200807   000086891   密集书库/ [索取号:I11/150:2] 在馆    
5 0200808   000087845   第一样本阅览室/ [索取号:I11/150:2] 在馆    
唐山师范学院图书馆 欢迎您!
大连网信软件有限公司© 版权所有